000 00459nam a2200181Ia 4500
008 131103s9999 xx 000 0 und d
020 _a330240161
040 _aLoreto College
041 _aEnglish
082 _aF/FEC
_bLCLIB/22293
100 _aFecher,Constance
245 _aTraitor's son
_cConstance Fecher
260 _aLondon
_bPan Books Ltd.
_c1967
300 _a258 p.
_c 17 cm.
650 _aFiction in English
850 _aLCLIB
942 _cBK
999 _c15941
_d66420